The Sage Handbook of Qualitative Research (Record no. 349403)

000 -LEADER
fixed length control field 00387nam a22001577a 4500
003 - CONTROL NUMBER IDENTIFIER
control field OSt
005 - DATE AND TIME OF LATEST TRANSACTION
control field 20180116182948.0
008 - FIXED-LENGTH DATA ELEMENTS--GENERAL INFORMATION
fixed length control field 131008b xxu||||| |||| 00| 0 eng d
040 ## - CATALOGING SOURCE
Transcribing agency 0
082 ## - DEWEY DECIMAL CLASSIFICATION NUMBER
Edition number 4th
Classification number 001.42 DEN 2011
100 ## - MAIN ENTRY--PERSONAL NAME
Personal name Norman K. Denzin
245 ## - TITLE STATEMENT
Title The Sage Handbook of Qualitative Research
Statement of responsibility, etc. Norman K. Denzin
260 ## - PUBLICATION, DISTRIBUTION, ETC.
Date of publication, distribution, etc. 2011
300 ## - PHYSICAL DESCRIPTION
Extent 766p.
942 ## - ADDED ENTRY ELEMENTS (KOHA)
Source of classification or shelving scheme
Koha item type Book
Holdings
Withdrawn status Lost status Source of classification or shelving scheme Damaged status Not for loan Collection code Permanent Location Current Location Shelving location Date acquired Total Checkouts Full call number Barcode Date last seen Date last checked out Price effective from Koha item type
          Computer Science Central Library (CL) Central Library (CL) First Floor - Computer Science 10/08/2013 1 001.42 DEN 2011 NBSPS-36 11/09/2013 10/09/2013 10/08/2013 Book
          Computer Science Central Library (CL) Central Library (CL) First Floor - Computer Science 10/08/2013   001.42 DEN 2011 NBSPS-37 10/08/2013   10/08/2013 Book
          Computer Science Central Library (CL) Central Library (CL) First Floor - Computer Science 10/08/2013   001.42 DEN 2011 NBSPS-38 10/08/2013   10/08/2013 Book
          Computer Science Central Library (CL) Central Library (CL) First Floor - Computer Science 10/08/2013   001.42 DEN 2011 NBSPS-39 10/08/2013   10/08/2013 Book
          Computer Science Central Library (CL) Central Library (CL) First Floor - Computer Science 10/08/2013   001.42 DEN 2011 NBSPS-40 10/08/2013   10/08/2013 Book
© 2023 Central Library, National University of Sciences and Technology. All Rights Reserved.